000 nam a22 a 4500
999 _c406240
_d406240
003 BLK
005 20210407124638.0
008 210407b bu |||||r|||| 00| | bu d
040 _aBLK
041 _aBUL
_cBUL
080 _aЗаконодателна власт
_b342.52
_x(497.2)(094.5)
_z(497.2)(094.5)
110 _9243213
_aБългария. Закони и др. п.
139 _aБългария. Закони и др. п.
245 _aПоказател, съдържащ списъкът на всичките закони и постановления, приети от 1879 до края на 1886 година и поместени в издадените от Министерството на правосъдието сборници, с обозначение в кой сборник са поместени и на коя страница
260 _9213046
_aСофия
_bМ-во на правосъдието
_c1888
_fСофия : Държ. печ.
300 _a31 с.
_c24 см
380 _a3
490 _9435080
_aКолекция Редки и ценни издания
505 _tПоказател, съдържащ списъкът на законите и постановленията приети от V Обикновено нар. събрание в трите му редовни сесии през 1887, 1888 и 1889 год. и поместени в издаденийт от Министерството сборник от закони, том II, част I, II и III с обозначение в коя част са поместени, на коя страница и от колко статии състоят зааконите или постановленията. 1890
505 _tПоказател, съдържащ списъците на законите и постановленията приети от VI Обикновено нар. събрание в трите му редовни сесии през 1890, 1891 и 1892 год. и поместени в издаденийт от Министерството сборник от закони, том III, част I, II и III с обозначение в коя част са поместени, на коя страница и от колко статии състоят зааконите или постановленията
653 7 _9186770
_aзакони
653 7 _9194237
_aпостановления
852 _aРб 888
_bРц
942 _cKNG
_n0
_s1
944 _aCR
_c2021-04-07
_kВЙ